Responses for Show #9028 - Wednesday, January 31, 2024

2024 Champions Wildcard Group 1 semifinal game 3.

Contestants

[<< previous game]

Ron Cheung, an economics professor from Lakewood, Ohio

Erin Portman, a high school English teacher from Naperville, Illinois

Michael Menkhus, a data analyst from Kansas City, Missouri

[next game >>]

Jeopardy! Round responses

THE ENGLISH PAST
PLATFORMING
SILENT H
A SQUARE MEAL
THE STATE'S MOST POPULOUS COUNTY
QUESTIONABLE MOVIES
    $200 28
the British Museum

Michael!
    $200 30
(Ken: You're right, they really get up there.)

33

Michael!
    $200 24
anchor

Michael!
    $200 23
Triscuit

Erin
    $200 27
Illinois

Ron
    $200 16
Cranston

Michael!
    $400 26
the Tories

Ron
    $400 29
a cherry picker

Erin
    $400 18
(Ken: [Appreciating Ron's imitation] Pretty good, yes.)

D'oh!

Ron
    $400 15
Kraft

Michael!
    $400 10
Wyoming

Michael!
    $400 17
Dude, Where's My Car?

Ron
    $600 25
Cromwell

Michael!
    $600 6
conducting (orchestra conductor)

Ron
    $600 13
(Ken: Correct, or "oh-maj" given the category.)

homage

Ron
    $600 12
a bento box

Ron
    $600 4
Arizona

Michael!
    $600 20
(Ron: What is What About Eve?)

What Ever Happened to Baby Jane?

Ron
Triple Stumper
    $800 19
a train station

Michael!
    $800 9
Infiniti

Ron
    $3,200 7
(Ron: I don't think I'm ever gonna say this in my life, but True Daily Double, please.)
...
(Ken: Ron?)
(Ron: I'm sorry, I don't know.)

a furlough

Ron
    $800 1
petit fours

Ron
    $800 2
Virginia

Ron
    $800 21
Are We There Yet?

Michael!
    $1000 14
(Ron: What is the Orders List?)
...
(Ken: For birthday honors.)

the Queen's Honors List

Ron
Triple Stumper
    $1000 11
Reddit

Michael!
    $1000 8
a shillelagh

Michael!
    $1000 5
Ghirardelli

Michael!
    $1000 3
(Ken: Where Portland is, yes.)

Oregon

Ron
    $1000 22
O Brother, Where Art Thou?

Ron

Scores at the first commercial break (after clue 15):

Michael! Erin Ron
$4,400 $0 $1,000

Scores at the end of the Jeopardy! Round:

Michael! Erin Ron
$7,400 $600 $2,800

Double Jeopardy! Round responses

THE ENGLISH PAST TENSE
OPERA
BUSINESS & FINANCE HISTORY
TECH TALK
MOUNTAINS OF LITERATURE
ARTFUL ROGERS
    $400 16
(Ron: What is [**]?)
[Originally ruled incorrect; reversed before Daily Double at clue 19]

dealt (led)

ErinRon
    $400 28
Mimi

Ron
    $400 25
the ruble

Michael!
    $400 27
referee

Michael!
    $400 22
a leopard

Erin
    $400 26
Pink Floyd

Michael!
    $800 15
(Michael: What is exhaustive?)
(Ron: What is [**]?)
[Originally ruled incorrect; reversed before Daily Double at clue 19]

spent (worn)

Michael!Ron
    $800 17
Cyrano de Bergerac

Ron
    $800 24
bitcoin

Michael!
    $800 20
self-driving cars

Erin
    $800 21
the Catskills

Michael!
    $800 29
(Michael: Bring it.)

Ebert

Michael!
    $1200 3
withstood

Erin
    $1200 5
Carmen

Michael!
    $1200 10
(Ken: Yeah, you beat the economist there.)

stagflation

Michael!
    $1200 13
a stylus

Erin
    $1200 9
Shangri-La

Ron
    $1200 30
(Roger) Moore

Ron
    $1600 2
[Ron pronounced it the "maid" way.]

forbade

Ron
    $2,000 6
(Ken: Michael?)
(Michael: Who is Bertolt Brecht?)

Billy Budd

Michael!
    $1600 11
Toronto

Michael!
    $1600 18
(Michael: What is, like, password security or passwords?)

encryption

Michael!
Triple Stumper
    $1600 8
Magic Mountain

Michael!
    $1600 23
Roger Staubach

Michael!
    $2000 1
trod

Ron
    $2000 7
Einstein

Michael!
    $2000 12
(Erin: What is the Dutch East India Company?)

the South Sea Company

Erin
Triple Stumper
    $3,000 19
(Ron: What is haptics?)

biometrics

Ron
    $2000 4
Lovecraft

Michael!
    $2000 14
Roger Corman

Triple Stumper

Scores at the end of the Double Jeopardy! Round:

Michael! Erin Ron
$17,800 $2,600 $8,200
(lock game)

[wagering suggestions for these scores]

Final Jeopardy! Round responses

AMERICAN MUSICIANS
(Ken: [To Erin] Who is [*]? Yes, R.I.P. [*], the "Pirate Laureate".)
...
(Ken: [To Ron] Is he a Parrothead? Did he know about [*]?)
ErinWho is Buffett?
$2,600
RonWho is Bob Dylan? Hi Colin & Naomi! ♡
$0
Michael!Who is Jimi Jimmy Buffet?
$0
Jimmy Buffett

Final scores:

Michael! Erin Ron
$17,800 $5,200 $8,200
Finalist 3rd place: $10,000 2nd place: $10,000

Game dynamics:

Coryat scores:

Michael! Erin Ron
$19,800 $2,600 $14,400
26 R,
3 W
(including 1 DD)
7 R,
1 W
20 R,
4 W
(including 2 DDs)

Combined Coryat: $36,800

[game clues] [game scores] [suggest correction]

Game tape date: 2024-01-05
The J! Archive is created by fans, for fans. Scraping, republication, monetization, and malicious use prohibited; this site may use cookies and collect identifying information. See terms. The Jeopardy! game show and all elements thereof, including but not limited to copyright and trademark thereto, are the property of Jeopardy Productions, Inc. and are protected under law. This website is not affiliated with, sponsored by, or operated by Jeopardy Productions, Inc. Join the discussion at JBoard.tv.